Rocket league mystery decals - Statistics

General Stats
  • This quiz has been taken 2,031 times
  • The average score is 4 of 6
Answer Stats
Hint Answer % Correct
waves Heatwave
85%
octagon hexed
85%
lines Slipstream
70%
stinky looking biomass
65%
Squares Parralax
35%
Maze Labrynth
31%
No matching quizzes found
Score Distribution
Percent of People with Each Score
Percentile by Number Answered
Your Score History
You have not taken this quiz